Nicene Creed - Verbatim - Statistics

General Stats
  • This quiz has been taken 46 times
    43 since last reset
  • The average score is 160 of 214
Answer Stats
Creed % Correct
believe
100%
God,
100%
God
100%
in
100%
and
96%
And
96%
We
96%
almighty,
92%
Father
92%
Father;
92%
Father.
92%
Father,
92%
he
92%
He
92%
on
92%
Son
92%
the
92%
Christ,
88%
Jesus
88%
one
88%
one,
88%
earth,
84%
heaven
84%
heaven,
84%
maker
84%
no
84%
of
84%
Holy
80%
holy,
80%
who
80%
Lord
76%
Lord,
76%
only
76%
all
72%
Amen.
72%
begotten
72%
begotten,
72%
from
72%
made;
72%
made.
72%
Spirit
72%
Spirit,
72%
was
72%
buried,
68%
life,
68%
life
68%
Mary,
68%
not
68%
things
68%
to
68%
Virgin
68%
came
64%
catholic
64%
come
64%
come.
64%
day
64%
dead
64%
dead,
64%
down
64%
For
64%
for
64%
his
64%
incarnate
64%
into
64%
invisible.
64%
rose
64%
third
64%
true
64%
visible
64%
with
64%
again
60%
apostolic
60%
ascended
60%
at
60%
Church.
60%
crucified
60%
hand
60%
is
60%
Light
60%
Light,
60%
Pilate,
60%
right
60%
seated
60%
sins.
60%
were
60%
world
60%
consubstantial
56%
death
56%
giver
56%
him
56%
judge
56%
living
56%
Pontius
56%
proceeds
56%
suffered
56%
through
56%
will
56%
accordance
52%
baptism
52%
became
52%
by
52%
end.
52%
glory
52%
have
52%
kingdom
52%
man.
52%
men
52%
our
52%
resurrection
52%
Scriptures.
52%
under
52%
adored
48%
forgiveness
48%
glorified,
48%
us
48%
has
44%
look
44%
prophets.
44%
sake
44%
salvation
44%
ages,
40%
spoken
40%
before
36%
acknowledge
12%
No matching quizzes found
Score Distribution
Percent of People with Each Score
Percentile by Number Answered
Your Score History
You have not taken this quiz since the last reset